Central Library OPAC University of Rajshahi

শিল্প-লিপি / (Record no. 49183)

MARC details
000 -LEADER
fixed length control field 00976nam a2200229 a 4500
001 - CONTROL NUMBER
control field 49183
003 - CONTROL NUMBER IDENTIFIER
rucl marc code BD-RjUL
005 - DATE AND TIME OF LATEST TRANSACTION
control field 20250204124507.0
008 - FIXED-LENGTH DATA ELEMENTS--GENERAL INFORMATION
fixed length control field 160818s19611951ii ||||| |||| 00| 0 ben d
020 ## - INTERNATIONAL STANDARD BOOK NUMBER
Terms of availability : Tk.3.00
035 ## - SYSTEM CONTROL NUMBER
System control number (BD-RjUL)49183
040 ## - CATALOGING SOURCE
Original cataloging agency BD-RjUL
Language of cataloging ben
Transcribing agency BD-RjUL
Modifying agency BD-RjUL
041 ## - LANGUAGE CODE
Language code of text/sound track or separate title ben
082 ## - DEWEY DECIMAL CLASSIFICATION NUMBER
Edition number 23
Classification number 891.44409
Author mark and year DAS 1961
100 ## - MAIN ENTRY--PERSONAL NAME
Personal name দাশগুপ্ত, শ্রীশশিভূষণ
9 (RLIN) 147191
245 10 - TITLE STATEMENT
Title শিল্প-লিপি /
Statement of responsibility, etc. শ্রীশশিভূষণ দাশগুপ্ত
260 ## - PUBLICATION, DISTRIBUTION, ETC. (IMPRINT)
Place of publication, distribution, etc. কলিকাতা :
Name of publisher, distributor, etc. এ, মুখার্জী অ্যান্ড কোং প্রাঃ লিমিটেড,
Date of publication, distribution, etc. ১৯৫১[মুদ্রণ১৯৬১]
300 ## - PHYSICAL DESCRIPTION
Pagination ১৬৫ পৃ. ;
Size ১৮ সেমি.
650 ## - SUBJECT ADDED ENTRY--TOPICAL TERM
Topical term or geographic name as entry element বাংলা প্রবন্ধ
General subdivision ইতিহাস ও সমালোচনা
9 (RLIN) 120541
Topical term or geographic name as entry element Bengali Articles
General subdivision History and Critisizm
9 (RLIN) 147841
942 ## - ADDED ENTRY ELEMENTS (KOHA)
Source of classification or shelving scheme Dewey Decimal Classification
Koha item type Books
Holdings
Lost status Source of classification or shelving scheme Damaged status Not for loan Collection code Permanent Location Current Location Shelving location Date acquired Source of acquisition Cost, normal purchase price Total Checkouts Full call number Date last seen Copy number Koha item type
  Dewey Decimal Classification     Non-fiction Central Library, University of Rajshahi Central Library, University of Rajshahi   17/09/1973 Uttorbongo library, rajshahi 3.00   B 891.44409 DAS 1961 18/08/2016 C-2 Books
  Dewey Decimal Classification     Non-fiction Central Library, University of Rajshahi Central Library, University of Rajshahi   02/01/1975 Bangla Academy, Dhaka 3.00   B 891.44409 DAS 1961 18/08/2016 C-4 Books
  Dewey Decimal Classification   Not For Loan Non-fiction Central Library, University of Rajshahi Central Library, University of Rajshahi Reading Room 02/01/2025 Dhaka : Bangla Academi 3.00   B 891.44409 DAS 1961 04/02/2025 C-1 Books